000 00329nam a2200133Ia 4500
008 240703s9999 xx 000 0 und d
041 _aeng
100 _aAlexandra Blanchard
245 _aWonder Women
260 _bC Hurst & Co Publishers Ltd
_c2022
365 _cRS.
_b 1,795.00
906 _b27.5
999 _c40871
_d40871